1973 1430 1146 1182 1457 1192 1521 1254 1246 1812 2000 1678 1813 1471 1627 1427 1226 1146 1571 1465 1536 1536 1340 1521 1293 1864 1014 1010 1294 1508 1769 1522 1793 1368 1996 1391 1491 1589 1718 1419 1443 1304 1824 1285 1796 1040 1728 1560 1229 1884 1761 1757 1203 1083 1456 1933 1785 1356 1551 1726 1434 1912 1328 1682 1398 1783 1842 1411 1886 1966 1998 1240 1134 1390 1236 1032 1883 1832 1415 1768 1080 1973 1089 1966 1879 1316 1829 1657 1152 1647 1162 1058 1623 1255 1404 1851 1573 1405 1206 BCNSPRNW ULIB Ver.6.0+V

เปลี่ยนเป็นภาษาไทย

Change to English
 แสดงรายละเอียดบรรณานุกรม
  กลับหน้าหลัก

Brief Record : Get Marc (ISO 2709) : E-mail record : QR code < ปิดหน้าต่าง
LEADER : 00000nam 2200000uu 4500
001    13399120024
003     ULIB
008    120822s2550||||th 000 0 tha d
020    ^a9789742243937
090    ^aนว.^bต842ค
100 0  ^aมายณีย์
245 00 ^aคุ้งตะเคียน/^cมายณีย์
250    ^aพิมพ์ครั้งที่ 1
260    ^aกรุงเทพฯ :^bGasib
945    ^p185^l0^i15313
995    ^aกัณชพร
999 ^a ใช้งานได้ทุกระบบ
รายการนี้ยังไม่มีแท็ก
คุณยังไม่ได้ล็อกอิน คุณสามารถมีกิจกรรมร่วมกับเว็บไซต์ได้ แต่ต้องล็อกอินก่อน ::
  ล็อกอิน

รายการสื่อสารสนเทศ

ลำดับที่ ประเภท เลขเรียก/บาร์โค้ด สถานที่ สถานะ
1. นวนิยาย
นวนิยาย
นว. ต842ค  
  Barcode: 15313
ห้องสมุดวิทยาเขตสวรรค์ประชารักษ์
►นวนิยาย
ถูกยืม กำหนดส่งวันที่ 16 ธันวาคม 2559
  จอง

BibComment


ยังไม่เคยถูกคอมเมนท์

คอมเมนท์ทรัพยากรรายการนี้
  คอมเมนท์: คุ้งตะเคียน มายณ..


 Copyright 2026. Bcnsprnw @Library